00440pab a2200169 454500008004000000100002000040245006300060260000900123300001300132362001100145650001300156650002100169650002400190700001700214700001900231773002000250180718b2009 xxu||||| |||| 00| 0 eng d aGupta, Priyanka aQuality research: a potent key to quality higher education c2009 ap.13-20. a19 Oct aResearch aHigher education aEductional research aMunesh Kumar aJaiswal, Vijay aUniversity News